| 000 | 00439cam a2200169ua 4500 | ||
|---|---|---|---|
| 001 | 15308 | ||
| 008 | 190424n2008 II |||gr||||Z||||||eng | ||
| 040 | _aMAIN | ||
| 041 | _aEnglish | ||
| 082 | _a574.87 VER | ||
| 100 | _aVERMA , P.S . | ||
| 245 | _aCELL BIOLOGY , GENETICS , MOLECULR BIOLOGY , EVOLUTION AND ECOLOGY | ||
| 260 |
_aNEW DELHI _bS.CHAND & COMPANY _c2008 |
||
| 653 | _aCell Biology | ||
| 700 | _aAGARWAL , V.K. | ||
| 942 | _cBK | ||
| 999 |
_c15193 _d15193 |
||